<?xml version="1.0" encoding="UTF-8"?>
<record
    xmlns:xsi="http://www.w3.org/2001/XMLSchema-instance"
    xsi:schemaLocation="http://www.loc.gov/MARC21/slim http://www.loc.gov/standards/marcxml/schema/MARC21slim.xsd"
    xmlns="http://www.loc.gov/MARC21/slim">

  <leader>06040nam a2200577 i 4500</leader>
  <controlfield tag="001">302</controlfield>
  <controlfield tag="003">gtuscu</controlfield>
  <controlfield tag="005">20260316155556.0</controlfield>
  <controlfield tag="007">ta</controlfield>
  <controlfield tag="008">250212b2006    gt ab||| |||| 001 0 spa d</controlfield>
  <datafield tag="040" ind1=" " ind2=" ">
    <subfield code="a">gtuscu</subfield>
    <subfield code="b">spa</subfield>
    <subfield code="c">gtuscu</subfield>
    <subfield code="d">gtuscu</subfield>
    <subfield code="e">rda</subfield>
  </datafield>
  <datafield tag="082" ind1="0" ind2="4">
    <subfield code="a">CEUR 711 C718</subfield>
  </datafield>
  <datafield tag="100" ind1="1" ind2=" ">
    <subfield code="a">Colom Argueta, Manuel,</subfield>
    <subfield code="d">1932-1979 ;</subfield>
    <subfield code="e">creador</subfield>
  </datafield>
  <datafield tag="245" ind1=" " ind2=" ">
    <subfield code="a">Pol&#xED;ticas p&#xFA;blicas, legislaci&#xF3;n, conflicto social, regulaci&#xF3;n del suelo urbano y proceso de urbanizaci&#xF3;n en Guatemala /</subfield>
    <subfield code="c">Manuel Colom Argueta, Mario Rodas Marotta, Amanda Mor&#xE1;n M&#xE9;rida y Jorge Arag&#xF3;n Gonz&#xE1;lez; revisor y editor Mario Alfonso Bravo Soto.</subfield>
  </datafield>
  <datafield tag="264" ind1=" " ind2="1">
    <subfield code="a">Guatemala :</subfield>
    <subfield code="b">Universidad de San Carlos de Guatemala, Centro de Estudios Urbanos y Regionales,</subfield>
    <subfield code="c">2006.</subfield>
  </datafield>
  <datafield tag="300" ind1=" " ind2=" ">
    <subfield code="a">206 p&#xE1;ginas :</subfield>
    <subfield code="b">Ilustraciones blanco y negro ;</subfield>
    <subfield code="c">20.5 cm</subfield>
  </datafield>
  <datafield tag="336" ind1=" " ind2=" ">
    <subfield code="2">rdacontenido</subfield>
    <subfield code="a">texto</subfield>
    <subfield code="b">txt</subfield>
  </datafield>
  <datafield tag="337" ind1=" " ind2=" ">
    <subfield code="2">rdamedio</subfield>
    <subfield code="a">sin mediaci&#xF3;n</subfield>
    <subfield code="b">n</subfield>
  </datafield>
  <datafield tag="338" ind1=" " ind2=" ">
    <subfield code="2">rdasoporte</subfield>
    <subfield code="a">volumen</subfield>
    <subfield code="b">nc</subfield>
  </datafield>
  <datafield tag="490" ind1=" " ind2=" ">
    <subfield code="a">El proceso de urbanizaci&#xF3;n en Guatemala 1944-2002 ;</subfield>
    <subfield code="v">Volumen I.</subfield>
  </datafield>
  <datafield tag="500" ind1=" " ind2=" ">
    <subfield code="a">Edici&#xF3;n preliminar del texto: La legislaci&#xF3;n urbana en Guatemala y su incidencia en la configuaraci&#xF3;n territorial Dr. Enrique Gordillo Castillo.</subfield>
  </datafield>
  <datafield tag="505" ind1="0" ind2=" ">
    <subfield code="g">Presentaci&#xF3;n</subfield>
  </datafield>
  <datafield tag="505" ind1="0" ind2=" ">
    <subfield code="g">Manuel Colom Argueta</subfield>
    <subfield code="t">La legislaci&#xF3;n urbana en Guatemala y su incidencia en la configuraci&#xF3;n territorial</subfield>
  </datafield>
  <datafield tag="505" ind1="0" ind2=" ">
    <subfield code="g">Introducci&#xF3;n</subfield>
  </datafield>
  <datafield tag="505" ind1="0" ind2=" ">
    <subfield code="g">I</subfield>
    <subfield code="t">El R&#xE9;gimen Jur&#xED;dico-Pol&#xED;tico en Guatemala --</subfield>
  </datafield>
  <datafield tag="505" ind1="0" ind2=" ">
    <subfield code="g">II</subfield>
    <subfield code="t">El papel del Estado y el c&#xE1;racter de su intervenci&#xF3;n en el desarrollo urbano en Guatemala.</subfield>
  </datafield>
  <datafield tag="505" ind1="0" ind2=" ">
    <subfield code="g">Mario Rodas Marotta - Amanda Mor&#xE1;n M&#xE9;rida</subfield>
    <subfield code="t">El conflicto social, la legislaci&#xF3;n y la regulaci&#xF3;n urbana en Guatemala</subfield>
  </datafield>
  <datafield tag="505" ind1="0" ind2=" ">
    <subfield code="g">Introducci&#xF3;n</subfield>
  </datafield>
  <datafield tag="505" ind1="0" ind2=" ">
    <subfield code="g">I</subfield>
    <subfield code="t">El Marco Jur&#xED;dico urbano Guatemalteco --</subfield>
  </datafield>
  <datafield tag="505" ind1="0" ind2=" ">
    <subfield code="g">II</subfield>
    <subfield code="t">El contexto social de la regulaci&#xF3;n urbana --</subfield>
  </datafield>
  <datafield tag="505" ind1="0" ind2=" ">
    <subfield code="g">III</subfield>
    <subfield code="t">Conflicto social y regulaci&#xF3;n urbana --</subfield>
  </datafield>
  <datafield tag="505" ind1="0" ind2=" ">
    <subfield code="g">IV</subfield>
    <subfield code="t">Omisiones en la legislaci&#xF3;n y regulaci&#xF3;n urbana.</subfield>
  </datafield>
  <datafield tag="505" ind1="0" ind2=" ">
    <subfield code="g">Reflexiones finales</subfield>
  </datafield>
  <datafield tag="505" ind1="0" ind2=" ">
    <subfield code="g">Bibliograf&#xED;a</subfield>
  </datafield>
  <datafield tag="505" ind1="0" ind2=" ">
    <subfield code="g">Jorge Arag&#xF3;n Gonz&#xE1;lez</subfield>
    <subfield code="t">Pol&#xED;ticas y legislaci&#xF3;n en torno al suelo urbano y su relaci&#xF3;n con el proceso de urbanizaci&#xF3;n en Guatemala 1944-2002</subfield>
  </datafield>
  <datafield tag="505" ind1="0" ind2=" ">
    <subfield code="g">Introducci&#xF3;n</subfield>
  </datafield>
  <datafield tag="505" ind1="0" ind2=" ">
    <subfield code="g">I</subfield>
    <subfield code="t">Pol&#xED;ticas p&#xFA;blicas y planificaci&#xF3;n para el Desarrollo --</subfield>
  </datafield>
  <datafield tag="505" ind1="0" ind2=" ">
    <subfield code="g">II</subfield>
    <subfield code="t">Legislaci&#xF3;n, Pol&#xED;tica y Urbanismo --</subfield>
  </datafield>
  <datafield tag="505" ind1="0" ind2=" ">
    <subfield code="g">III</subfield>
    <subfield code="t">Urbanizaci&#xF3;n y Acuerdos de Paz.</subfield>
  </datafield>
  <datafield tag="505" ind1="0" ind2=" ">
    <subfield code="g">Reflexiones finales</subfield>
  </datafield>
  <datafield tag="505" ind1="0" ind2=" ">
    <subfield code="g">Bibliograf&#xED;a.</subfield>
  </datafield>
  <datafield tag="520" ind1="3" ind2=" ">
    <subfield code="a">El volumen que hoy ponemos en sus manos incluye tres estudios sobre el tema de la legislaci&#xF3;n y planificaci&#xF3;n urbana. El primero, es un trabajo in&#xE9;dito desarrollado por el Lic. Manuel Colom Argueta cuando formaba parte del equipo de investigadores del CEUR. Este estudio presenta una visi&#xF3;n de la legislaci&#xF3;n urbana desde la valiosa  experiencia del autor como Alcalde durante el per&#xED;odo 1970-1974, es una de las mejores administraciones municipales que ha tenido la Ciudad de Guatemala, por lo cual constituye un documento por dem&#xE1;s inestimable. El alevoso asesinato de Manuel Colom Argueta, el 22 de marzo de 1979, trunc&#xF3; la finalizaci&#xF3;n de este estudio, dej&#xE1;ndolo como un borrador que seguir&#xED;a completando y profundizando.
Sin embargo, quedaron plasmadas con clara lucidez sus ideas b&#xE1;sicas sobre el contexto pol&#xED;tico en el que se formul&#xF3; el marco jur&#xED;dico urbano desde la &#xE9;poca de la independencia, el papel de los sectores que concentran la tierra y el problema de la vivienda. Al hacer referencia de que encabez&#xF3; una de las mejores gestiones edilcias, nos basamos en que &#xE9;sta represent&#xF3; avances positivos en cuanto a regulaci&#xF3;n urbana, dotaci&#xF3;n de servicios b&#xE1;sicos e infraestructura vial con visi&#xF3;n a largo plazo, sin los cuales los problemas de congesti&#xF3;n vial y de las aguas servidas que presenta actualmente la ciudad de Guatemala, hubieran colapsado. Se preocup&#xF3; tambi&#xE9;n por la dotaci&#xF3;n de servicios b&#xE1;sicos de agua y saneamiento en las colonias promovidas por lotificadores privados que hab&#xED;an incumplido con &#xE9;stos.
Fue el primer alcalde que inicio las intervenciones municipales de tales colonias, como lo establece la Ley de Parcelamiento Urbanos. C&#xF3;mo si esto fuera poco, esta administraci&#xF3;n edil formul&#xF3; el Estudio de Ordenamiento Metropolitano EDOM, que constituye hoy la  iniciativa m&#xE1;s completa de planificaci&#xF3;n con una visi&#xF3;n metropolitana e integral de los problemas de la ciudad. La formulaci&#xF3;n del EDOM no s&#xF3;lo fue la primera iniciativa de planificaci&#xF3;n urbana en Guatemala, sino adem&#xE1;s se realiz&#xF3; con un enfoque a futuro visualizando la conformaci&#xF3;n de un &#xC1;rea Metropolitana de la magnitud actual.
El segundo estudio es resultado de la investigaci&#xF3;n cofinanciada por nuestro Centro y la Direcci&#xF3;n General de Investigaci&#xF3;n DIGI en el a&#xF1;o 1988, denominada "Adaptaci&#xF3;n de la legislaci&#xF3;n y regulaci&#xF3;n urbana a los intereses del sector popular y a la industria de la construcci&#xF3;n", realizada por Mario Rodas Marotta y quien suscribe. En &#xE9;ste se hace una revisi&#xF3;n de la legislaci&#xF3;n y la regulaci&#xF3;n urbana de Guatemala desde 1944 hasta los a&#xF1;os ochenta, vincul&#xE1;ndola con el conflicto social que presentan las ciudades ante la falta de satisfactores b&#xE1;sicos. Finalmente, el tercer estudio se refiere a la planificaci&#xF3;n desde la &#xF3;ptica del papel del Estado en el ordenamiento de las ciudades, desde el inicio de los Planes de Desarrollo en el a&#xF1;o 1955 hasta la firma de los Acuerdos de Paz. Este trabajo fue desarrollado por Jorge Arag&#xF3;n, como parte del tema macro de investigaci&#xF3;n desarrollado durante el a&#xF1;o 2004 en el Centro de Estudios Urbanos y Regionales.</subfield>
  </datafield>
  <datafield tag="650" ind1="1" ind2="4">
    <subfield code="a">Urbanismo</subfield>
    <subfield code="y">1944-2002</subfield>
    <subfield code="z">Guatemala</subfield>
    <subfield code="2">LEMB</subfield>
  </datafield>
  <datafield tag="650" ind1="1" ind2="4">
    <subfield code="a">Urbanismo</subfield>
    <subfield code="v">Legislaci&#xF3;n</subfield>
    <subfield code="y">1944-2002</subfield>
    <subfield code="z">Guatemala</subfield>
  </datafield>
  <datafield tag="650" ind1="1" ind2="4">
    <subfield code="a">Urbanismo</subfield>
    <subfield code="v">Acuerdos de Paz</subfield>
    <subfield code="z">Guatemala</subfield>
  </datafield>
  <datafield tag="700" ind1=" " ind2=" ">
    <subfield code="a">Rodas Marotta, Mario,</subfield>
    <subfield code="e">creador</subfield>
  </datafield>
  <datafield tag="700" ind1=" " ind2=" ">
    <subfield code="a">Mor&#xE1;n M&#xE9;rida, Amanda,</subfield>
    <subfield code="e">creadora</subfield>
  </datafield>
  <datafield tag="700" ind1="1" ind2=" ">
    <subfield code="a">Arag&#xF3;n Gonz&#xE1;lez, Jorge</subfield>
    <subfield code="d">1976- ;</subfield>
    <subfield code="e">creador</subfield>
    <subfield code="9">18</subfield>
  </datafield>
  <datafield tag="710" ind1=" " ind2=" ">
    <subfield code="a">Bravo Soto, Mario Alfonso,</subfield>
    <subfield code="e">revisor y editor</subfield>
  </datafield>
  <datafield tag="942" ind1=" " ind2=" ">
    <subfield code="2">ddc</subfield>
    <subfield code="c">BK</subfield>
    <subfield code="n">0</subfield>
  </datafield>
  <datafield tag="999" ind1=" " ind2=" ">
    <subfield code="c">302</subfield>
    <subfield code="d">302</subfield>
  </datafield>
  <datafield tag="952" ind1=" " ind2=" ">
    <subfield code="0">0</subfield>
    <subfield code="1">0</subfield>
    <subfield code="2">ddc</subfield>
    <subfield code="4">0</subfield>
    <subfield code="7">0</subfield>
    <subfield code="8">gn</subfield>
    <subfield code="a">BICEUR</subfield>
    <subfield code="b">BICEUR</subfield>
    <subfield code="d">2018-10-09</subfield>
    <subfield code="i">16H-15406-4462/18</subfield>
    <subfield code="l">0</subfield>
    <subfield code="o">CEUR 711 C718</subfield>
    <subfield code="p">BFQS00036</subfield>
    <subfield code="r">2025-02-12 13:45:36</subfield>
    <subfield code="y">BK</subfield>
    <subfield code="z">Disponible</subfield>
  </datafield>
  <datafield tag="952" ind1=" " ind2=" ">
    <subfield code="0">0</subfield>
    <subfield code="1">0</subfield>
    <subfield code="2">ddc</subfield>
    <subfield code="4">0</subfield>
    <subfield code="7">0</subfield>
    <subfield code="a">BICEUR</subfield>
    <subfield code="b">BICEUR</subfield>
    <subfield code="d">2018-10-09</subfield>
    <subfield code="i">16H-BF28</subfield>
    <subfield code="l">0</subfield>
    <subfield code="o">CEUR 711 C718 C.2</subfield>
    <subfield code="p">BFQS00037</subfield>
    <subfield code="r">2025-02-13 11:15:55</subfield>
    <subfield code="t">2</subfield>
    <subfield code="y">BK</subfield>
    <subfield code="z">Disponible</subfield>
  </datafield>
</record>
